Informe sobre la actividad del Comité Internacional de la Cruz Roja: 1° de enero - 31 de diciembre de 1949

Сохранить в:
Библиографические подробности
Соавтор: Comité Internacional de la Cruz Roja (Автор)
Формат:
Язык:испанский
Опубликовано: Ginebra Comité Internacional de la Cruz Roja 1950
Предметы:
Метки: Добавить метку
Нет меток, Требуется 1-ая метка записи!

MARC

LEADER 00000nam a2200000 a 4500
001 UCT9547
003 CL-VaPUC
005 20240819151145.0
008 970404e19500000SZ |||||||||||||||||spa|d
999 |c 257937  |d 257935 
040 |c Pontificia Universidad Católica de Valparaíso 
082 0 4 |a 341.6  |b COM  |2 21 
110 2 |a Comité Internacional de la Cruz Roja  |e author  |9 382357 
245 1 0 |a Informe sobre la actividad del Comité Internacional de la Cruz Roja: 1° de enero - 31 de diciembre de 1949 
260 |a Ginebra  |b Comité Internacional de la Cruz Roja  |c 1950 
300 |a 103 p 
583 |a last modification  |c 19970404 00:00:00  |k Rodrigo Vera 
650 7 |a CRUZ ROJA  |2 CL-VaPUC  |9 382358 
650 7 |a INSTITUCIONES INTERNACIONALES  |2 CL-VaPUC  |9 382359 
650 0 |a Derecho internacional  |9 255637 
650 0 |a Prisioneros de guerra  |9 350908 
650 0 |a Asistencia judicial   |9 254864 
650 0 |a Informes  |9 334810 
942 |c BK  |2 ddc 
945 |d 19970404 00:00:00  |a lriquelm 
952 |0 0  |1 0  |4 0  |6 341_600000000000000_COM_1950  |7 0  |8 A  |9 281662  |a BIBDER  |b BIBDER  |d 2019-11-19  |i 1825119  |o 341.6 COM 1950  |p 1825119  |r 2023-01-25  |w 2019-11-19  |y BK  |k DER